Física programada
Salvato in:
| Autori principali: | , |
|---|---|
| Natura: | Libro |
| Lingua: | spagnolo |
| Pubblicazione: |
Ciudad de México
Limusa-Wiley
1970
|
| Soggetti: | |
| Tags: |
Aggiungi Tag
Nessun Tag, puoi essere il primo ad aggiungerne!!
|
MARC
| LEADER | 00000nam a2200000 a 4500 | ||
|---|---|---|---|
| 001 | UCT1084 | ||
| 003 | CL-VaPUC | ||
| 008 | 960913e19700000MX |||||||||||||||||spa|d | ||
| 082 | 0 | 4 | |a 535.2 |b JOS |2 21 |
| 100 | 0 | |a Joseph, Alexander |e author |9 369833 | |
| 700 | 0 | |a Leahy, Daniel J |e author |9 369834 | |
| 245 | 1 | 0 | |a Física programada |
| 300 | |a 5 v | ||
| 942 | |c BK | ||
| 945 | |d 19960913 00:00:00 |a paguirre | ||
| 260 | |a Ciudad de México |b Limusa-Wiley |c 1970 | ||
| 500 | |a v.3: Optica y ondas | ||
| 650 | 0 | |a Física |9 227844 | |
| 650 | 0 | |a Optica |9 263171 | |
| 650 | 7 | |a REFLEXION |2 CL-VaPUC |9 369835 | |
| 650 | 7 | |a PROPIEDADES OPTICAS |2 CL-VaPUC |9 369836 | |
| 650 | 7 | |a REFRACCION |2 CL-VaPUC |9 369837 | |
| 650 | 0 | |a Propagación de ondas |9 263256 | |
| 583 | |a last modification |c 19960913 00:00:00 |k Rodrigo Vera | ||
| 999 | |c 251746 |d 251744 | ||
| 952 | |0 0 |1 0 |4 0 |6 535_200000000000000_JOS_1970 |7 0 |8 A |9 271130 |a BIBCUR |b BIBCUR |d 2019-11-19 |h v.3 |i 1746545 |o 535.2 JOS 1970 |p 1746545 |r 2025-04-22 |w 2019-11-19 |y BK |k BCB | ||
| 952 | |0 0 |1 0 |4 0 |6 535_200000000000000_JOS_1970 |7 0 |8 A |9 271131 |a BIBING |b BIBING |d 2019-11-19 |h v.3 |i 409669K |o 535.2 JOS 1970 |p 409669K |r 2025-01-20 |w 2019-11-19 |y BK |k ING | ||